Basic mathematics through applications
| Main Author: | |
|---|---|
| Other Authors: | |
| Format: | Book |
| Published: |
Boston :
Addison Wesley ,
2003
|
| Edition: | 2nd ed. |
| Subjects: |
MARC
| LEADER | 00000cam a2200000 7i4500 | ||
|---|---|---|---|
| 001 | 0000011168 | ||
| 005 | 20050423.0 | ||
| 020 | |a 0201795329 | ||
| 040 | |a INS | ||
| 090 | 0 | 0 | |a QA39.3. |b A47 2002 |
| 100 | 1 | |a Akst, Geoffrey | |
| 245 | 1 | 0 | |a Basic mathematics through applications |c Geoffrey Akst |
| 250 | |a 2nd ed. | ||
| 260 | |a Boston : |b Addison Wesley , |c 2003 | ||
| 300 | |a xvi : |b 573p ; |c 28cm. | ||
| 650 | 0 | 0 | |a Mathematics |
| 700 | 1 | |a Bragg, Sadie | |
| 999 | |a 0000011695 |b BOOK |c Open Shelf |e Default branch | ||